00926nam a2200241Ia 450000500170000000800410001702000220005804100080008008200190008810000180010724500450012525000120017026000380018230000090022050000280022965000360025770000330029390600100032694200070033699900170034395201620036095201620052220251122100341.0230125s9999 xx 000 0 und d a978-93-5388-662-2 aeng a158.1bSEN/CHA aSen R9215423 aPower, Sexuality Gender Dynamics at Work a1st Ed. c2020bSage PublicationaNew Delhi a248p aPersonality Development aPersonality Development9213420 aSen R & Chatterjee U9215424 b112.5 cBK c96590d96590 00104070aHIMRbHIMRd2021-03-09eForward Booksg450.00i11363l0o158.1 SEN/CHA B21034pHIMR-BK-21034r2023-01-25 00:00:00v337.50w2021-03-05yBKzB21034 00104070aHIMRbHIMRd2021-03-13eForward Booksg450.00i11381l0o158.1 SEN/CHA B21767pHIMR-BK-21767r2023-01-25 00:00:00v337.50w2021-03-12yBKzB21767